| 000 | 00629cam a2200229 4500 | ||
|---|---|---|---|
| 001 | 16415 | ||
| 005 | 20230410115556.0 | ||
| 008 | 060907n2004 enk eng | ||
| 020 | _a0195166167 | ||
| 035 | _9funglode16549 | ||
| 041 | _aeng | ||
| 050 | 1 | 4 |
_aHF 1385 _bJ77w 2004 |
| 100 | 1 | _aJones, Kent Albert | |
| 245 | 1 | 0 |
_aWho's afraid of the WTO? / _cKent Jones |
| 260 |
_aOxford ; New York : _bOxford University Press,, _c2004 |
||
| 300 | _aviii, 236 p | ||
| 610 | 2 | 0 | _aWorld Trade Organization. |
| 650 | 0 | _aFree trade. | |
| 650 | 0 | _aInternational economic relations. | |
| 650 | 0 | _aGlobalization. | |
| 942 |
_2lcc _cbk |
||
| 999 |
_c43907 _d43907 |
||